[Event "Izmailov Memorial op 15th"]
[Site "Tomsk"]
[Date "2011.06.08"]
[Round "8"]
[White "Batukhtin, Andrey"]
[Black "Nugumanov, Bakhtiyar"]
[Result "0-1"]
[WhiteElo "2027"]
[BlackElo "2204"]
[PlyCount "50"]
[EventDate "2011.06.01"]
[EventType "swiss"]
[EventRounds "9"]
[EventCountry "RUS"]
[SourceTitle "EXT 2013"]
[Source "ChessBase"]
[SourceDate "2012.11.22"]
[SourceVersion "1"]
[SourceVersionDate "2012.11.22"]
[SourceQuality "1"]

1. e4 e5 2. Nf3 Nc6 3. Bb5 Nf6 4. 0-0 Nxe4 5. Re1 Nd6 6. Nxe5 Be7 7. Ba4 Nxe5 8. Rxe5 0-0 9. d4 b6 10. c3 Bb7 11. Bc2 f5 12. Bf4 Bg5 13. Qd2 Bf6 14. Re1 Ne4 15. Qd1 Bh4 16. Bg3 Qg5 17. Bxh4 Qxh4 18. Rf1 Ng5 19. d5 f4 20. f3 Rae8 21. c4 Rf6 22. Qd2 Rh6 23. g3 fxg3 24. Qg2 Qxh2+ 25. Qxh2 Rxh2 0-1

[Event "Izmailov Memorial op 15th"]
[Site "Tomsk"]
[Date "2011.06.05"]
[Round "5"]
[White "Kuzmin, Arseniy"]
[Black "Batukhtin, Andrey"]
[Result "1/2-1/2"]
[WhiteElo "1944"]
[BlackElo "2027"]
[PlyCount "119"]
[EventDate "2011.06.01"]
[EventType "swiss"]
[EventRounds "9"]
[EventCountry "RUS"]
[SourceTitle "EXT 2013"]
[Source "ChessBase"]
[SourceDate "2012.11.22"]
[SourceVersion "1"]
[SourceVersionDate "2012.11.22"]
[SourceQuality "1"]

1. e4 c6 2. Nc3 d5 3. Nf3 dxe4 4. Nxe4 Bg4 5. Be2 e6 6. 0-0 Be7 7. d4 Nf6 8. Nxf6+ Bxf6 9. c3 0-0 10. Bf4 Nd7 11. h3 Bxf3 12. Bxf3 e5 13. Be3 exd4 14. Bxd4 Ne5 15. Be2 Qc7 16. Qc2 c5 17. Be3 Rad8 18. Rfd1 b6 19. a4 Rxd1+ 20. Rxd1 Rd8 21. Rxd8+ Qxd8 22. Qe4 Qc8 23. f4 Qc6 24. Qc2 Ng6 25. g3 Qe6 26. Bf2 Qxh3 27. f5 Nf8 28. Qe4 g6 29. g4 Bh4 30. Qf4 Bxf2+ 31. Qxf2 Qh6 32. Kg2 Qd2 33. Bc4 Qxf2+ 34. Kxf2 gxf5 35. gxf5 Kg7 36. Kf3 Kf6 37. Kf4 Nd7 38. Be2 h6 39. b3 Ke7 40. Bf3 Kd6 41. Bh5 f6 42. Be2 Ne5 43. Ke4 Nf7 44. Kf4 Ng5 45. Bd1 Kd5 46. Be2 Kd6 47. Bd1 c4 48. b4 Nf7 49. Ke4 a6 50. Bh5 Ne5 51. Kd4 b5 52. axb5 axb5 53. Be8 Nd7 54. Ke4 Ke7 55. Bh5 Nb6 56. Kd4 Na4 57. Bg6 Kd7 58. Bf7 Kc6 59. Be8+ Kb6 60. Bh5 1/2-1/2

[Event "Izmailov Memorial op 15th"]
[Site "Tomsk"]
[Date "2011.06.04"]
[Round "4"]
[White "Batukhtin, Andrey"]
[Black "Nebolsina, Vera"]
[Result "1-0"]
[WhiteElo "2027"]
[BlackElo "2320"]
[PlyCount "61"]
[EventDate "2011.06.01"]
[EventType "swiss"]
[EventRounds "9"]
[EventCountry "RUS"]
[SourceTitle "EXT 2013"]
[Source "ChessBase"]
[SourceDate "2012.11.22"]
[SourceVersion "1"]
[SourceVersionDate "2012.11.22"]
[SourceQuality "1"]

1. e4 e5 2. Nf3 Nf6 3. Nc3 Nc6 4. Bb5 Nd4 5. 0-0 Nxf3+ 6. Qxf3 c6 7. Bc4 d6 8. d3 Bg4 9. Qg3 Qd7 10. h3 Be6 11. Bxe6 fxe6 12. Ne2 0-0-0 13. Be3 Kb8 14. f4 exf4 15. Nxf4 Be7 16. Ne2 e5 17. Rf3 Rhg8 18. Qf2 c5 19. Nc3 Qe6 20. Bg5 Nh5 21. Bxe7 Qxe7 22. Nd5 Qe6 23. g4 Nf6 24. Nxf6 gxf6 25. Rxf6 Qe8 26. Kh2 h5 27. Rg1 hxg4 28. Rxg4 Rh8 29. Rg7 Qh5 30. Qf3 Qh4 31. Rgf7 1-0

[Event "Izmailov Memorial op 15th"]
[Site "Tomsk"]
[Date "2011.06.01"]
[Round "1"]
[White "Kabanov, Nikolai"]
[Black "Batukhtin, Andrey"]
[Result "1-0"]
[WhiteElo "2535"]
[BlackElo "2027"]
[PlyCount "79"]
[EventDate "2011.06.01"]
[EventType "swiss"]
[EventRounds "9"]
[EventCountry "RUS"]
[SourceTitle "EXT 2013"]
[Source "ChessBase"]
[SourceDate "2012.11.22"]
[SourceVersion "1"]
[SourceVersionDate "2012.11.22"]
[SourceQuality "1"]

1. d4 d5 2. Nf3 Nf6 3. c4 c6 4. Nc3 e6 5. Qd3 Bb4 6. g3 0-0 7. Bg2 Nbd7 8. 0-0 Bd6 9. Rd1 Re8 10. e4 dxe4 11. Nxe4 Nxe4 12. Qxe4 h6 13. Bf4 Nf6 14. Qe3 Ng4 15. Qd2 Qc7 16. Bxd6 Qxd6 17. h3 Nf6 18. Ne5 Bd7 19. Qa5 Rec8 20. b4 Qc7 21. Qxc7 Rxc7 22. a4 Be8 23. a5 a6 24. f4 Rd8 25. Kf2 Nd7 26. Nd3 f6 27. Be4 Nf8 28. Nc5 Re7 29. b5 cxb5 30. Bxb7 bxc4 31. Bxa6 Bc6 32. Bxc4 Bd5 33. Bxd5 Rxd5 34. a6 Ra7 35. Ke3 Nd7 36. Nxe6 Rd6 37. Nc5 f5 38. Nxd7 Rdxd7 39. d5 Rd6 40. Kd4 1-0

[Event "Berdsk-ch"]
[Site "Berdsk"]
[Date "2011.01.09"]
[Round "8"]
[White "Ruzanov, Alexander"]
[Black "Batukhtin, Andrey"]
[Result "1/2-1/2"]
[WhiteElo "2050"]
[BlackElo "2031"]
[PlyCount "65"]
[EventDate "2011.01.02"]
[EventType "swiss"]
[EventRounds "9"]
[EventCountry "RUS"]
[SourceTitle "CBM 140 Extra"]
[Source "ChessBase"]
[SourceDate "2011.03.01"]
[SourceVersion "1"]
[SourceVersionDate "2011.03.01"]
[SourceQuality "1"]

1. e4 c6 2. d4 d5 3. exd5 cxd5 4. Bd3 Nc6 5. c3 Nf6 6. Bf4 Bg4 7. Nf3 Bxf3 8. Qxf3 e6 9. 0-0 Bd6 10. Nd2 0-0 11. Bg5 Be7 12. Qh3 g6 13. f4 Nh5 14. g4 Bxg5 15. gxh5 Bf6 16. Kh1 Kg7 17. Rf2 Rg8 18. Nf3 Kf8 19. Re1 Ne7 20. Rg2 Nf5 21. Bxf5 gxf5 22. Rxg8+ Kxg8 23. Rg1+ Kf8 24. h6 Qb6 25. Qg2 Ke7 26. Ne5 Rf8 27. Qe2 a6 28. h3 Qd8 29. Qh5 Qe8 30. Qd1 Rg8 31. Rxg8 Qxg8 32. Qb3 Qc8 33. Qb4+ 1/2-1/2

[Event "Novokuznetsk Goryainov op"]
[Site "Novokuznetsk"]
[Date "2010.08.19"]
[Round "8"]
[White "Seslavin, Maxim"]
[Black "Batukhtin, Andrey"]
[Result "1/2-1/2"]
[WhiteElo "2077"]
[BlackElo "2041"]
[PlyCount "70"]
[EventDate "2010.08.12"]
[EventType "swiss"]
[EventRounds "9"]
[EventCountry "RUS"]
[SourceTitle "CBM 138 Extra"]
[Source "ChessBase"]
[SourceDate "2010.10.29"]
[SourceVersion "1"]
[SourceVersionDate "2010.10.29"]
[SourceQuality "1"]

1. Nf3 Nf6 2. d4 d5 3. c4 c6 4. e3 e6 5. Nbd2 Bd6 6. b3 0-0 7. Bb2 Nbd7 8. Bd3 Re8 9. 0-0 e5 10. dxe5 Nxe5 11. Nxe5 Bxe5 12. Bxe5 Rxe5 13. Nf3 Bg4 14. Be2 Re8 15. Qc2 Qe7 16. Rfd1 Rad8 17. h3 Bc8 18. Rac1 h6 19. Qb2 Bf5 20. Nd4 Be4 21. cxd5 Nxd5 22. Bf3 Bg6 23. a3 Qg5 24. b4 Nxe3 25. fxe3 Qxe3+ 26. Kh1 Bd3 27. Nxc6 bxc6 28. Bxc6 Re6 29. Bb5 Red6 30. Rc3 Qe4 31. Rcxd3 Rxd3 32. Bxd3 Rxd3 33. Rxd3 Qxd3 34. Qc1 g6 35. Qb2 h5 1/2-1/2

[Event "Berdsk Maestro op 16th"]
[Site "Berdsk"]
[Date "2010.07.14"]
[Round "7"]
[White "Gerasimov, Nikolai"]
[Black "Batukhtin, Andrey"]
[Result "1/2-1/2"]
[WhiteElo "1877"]
[BlackElo "2041"]
[PlyCount "93"]
[EventDate "2010.07.08"]
[EventType "swiss"]
[EventRounds "9"]
[EventCountry "RUS"]
[SourceTitle "EXT 2011"]
[Source "ChessBase"]
[SourceDate "2010.11.26"]
[SourceVersion "1"]
[SourceVersionDate "2010.11.26"]
[SourceQuality "1"]

1. e4 c6 2. d3 d6 3. Nc3 g6 4. Be3 Bg7 5. Qd2 Qa5 6. Nge2 b5 7. d4 Nf6 8. f3 0-0 9. g4 b4 10. Nd1 c5 11. Nc1 cxd4 12. Bxd4 Nc6 13. Nb3 Nxd4 14. Qxd4 Qg5 15. h4 Qf4 16. Qe3 Qe5 17. a3 Qg3+ 18. Qf2 Qxf2+ 19. Kxf2 bxa3 20. Rxa3 Nd7 21. c3 Nb6 22. Ne3 Bd7 23. Nd5 Nxd5 24. exd5 Rfb8 25. Bd3 a5 26. Rb1 Bb5 27. Ke3 Bxd3 28. Kxd3 Rb5 29. c4 Rb4 30. Nd4 Bxd4 31. Kxd4 Rab8 32. Rxa5 Rxb2 33. Rxb2 Rxb2 34. Ra7 Kf8 35. Ra8+ Kg7 36. Ra7 Re2 37. Kd3 Re1 38. Kd2 Re5 39. Kd3 f5 40. Kd4 Re1 41. c5 dxc5+ 42. Kxc5 Rc1+ 43. Kd4 Rd1+ 44. Ke5 Re1+ 45. Kf4 fxg4 46. fxg4 Rf1+ 47. Ke5 1/2-1/2

[Event "Berdsk Maestro op 16th"]
[Site "Berdsk"]
[Date "2010.07.13"]
[Round "6"]
[White "Batukhtin, Andrey"]
[Black "Gubarev, Vsevolod"]
[Result "0-1"]
[WhiteElo "2041"]
[BlackElo "2199"]
[PlyCount "40"]
[EventDate "2010.07.08"]
[EventType "swiss"]
[EventRounds "9"]
[EventCountry "RUS"]
[SourceTitle "EXT 2011"]
[Source "ChessBase"]
[SourceDate "2010.11.26"]
[SourceVersion "1"]
[SourceVersionDate "2010.11.26"]
[SourceQuality "1"]

1. e4 c5 2. Nf3 d6 3. d4 cxd4 4. Nxd4 Nf6 5. Nc3 g6 6. f4 Qb6 7. e5 dxe5 8. fxe5 Nfd7 9. e6 fxe6 10. Bc4 Qb4 11. Bxe6 Bg7 12. Nde2 Rf8 13. Qd5 Nc6 14. Bd2 Nb6 15. Qb3 Qh4+ 16. g3 Qf6 17. Bxc8 Qf2+ 18. Kd1 Rxc8 19. Qe6 Rd8 20. Kc1 Rxd2 0-1

[Event "Berdsk Maestro op 16th"]
[Site "Berdsk"]
[Date "2010.07.10"]
[Round "3"]
[White "Maleev, Pavel"]
[Black "Batukhtin, Andrey"]
[Result "1-0"]
[WhiteElo "2142"]
[BlackElo "2041"]
[PlyCount "49"]
[EventDate "2010.07.08"]
[EventType "swiss"]
[EventRounds "9"]
[EventCountry "RUS"]
[SourceTitle "EXT 2011"]
[Source "ChessBase"]
[SourceDate "2010.11.26"]
[SourceVersion "1"]
[SourceVersionDate "2010.11.26"]
[SourceQuality "1"]

1. e4 c6 2. d4 d5 3. Nc3 dxe4 4. Nxe4 Bf5 5. Ng3 Bg6 6. Bc4 e6 7. N1e2 Bd6 8. Nf4 Bxf4 9. Bxf4 Nf6 10. h4 h6 11. Qe2 0-0 12. 0-0-0 Nd5 13. Bd2 b5 14. Bd3 Bxd3 15. Qxd3 Nd7 16. Ne4 N7f6 17. f3 a5 18. g4 Nb4 19. Qe2 Nxe4 20. fxe4 Qxd4 21. a3 Qe5 22. g5 Qd5 23. Qf3 Kh7 24. exd5 a4 25. dxc6 1-0

[Event "Izmailov Memorial op 13th"]
[Site "Tomsk"]
[Date "2009.06.29"]
[Round "6"]
[White "Saiyn, Zhanat"]
[Black "Batukhtin, Andrey"]
[Result "1-0"]
[WhiteElo "1965"]
[BlackElo "2114"]
[PlyCount "47"]
[EventDate "2009.06.24"]
[EventType "swiss"]
[EventRounds "9"]
[EventCountry "RUS"]
[SourceTitle "EXT 2010"]
[Source "ChessBase"]
[SourceDate "2010.11.25"]
[SourceVersion "1"]
[SourceVersionDate "2010.11.25"]
[SourceQuality "1"]

1. d4 d5 2. Nf3 Nf6 3. e3 Bf5 4. c4 c6 5. Nc3 e6 6. Qb3 Qb6 7. c5 Qc7 8. Ne5 Bxc5 9. dxc5 Qxe5 10. Qxb7 0-0 11. f4 Qxc3+ 12. bxc3 Nbd7 13. Qb4 Rfb8 14. Qd4 Ne4 15. Bd3 f6 16. Bxe4 Bxe4 17. 0-0 e5 18. fxe5 fxe5 19. Qa4 Rb5 20. Ba3 a5 21. c4 Nxc5 22. Bxc5 Rxc5 23. cxd5 cxd5 24. Qd7 1-0

[Event "Izmailov Memorial op 13th"]
[Site "Tomsk"]
[Date "2009.06.27"]
[Round "4"]
[White "Kolomytchenko, Igor Aleksandrovich"]
[Black "Batukhtin, Andrey"]
[Result "1-0"]
[WhiteElo "1995"]
[BlackElo "2114"]
[PlyCount "104"]
[EventDate "2009.06.24"]
[EventType "swiss"]
[EventRounds "9"]
[EventCountry "RUS"]
[SourceTitle "EXT 2010"]
[Source "ChessBase"]
[SourceDate "2010.11.25"]
[SourceVersion "1"]
[SourceVersionDate "2010.11.25"]
[SourceQuality "1"]

1. e4 c6 2. d4 d5 3. Nc3 dxe4 4. Nxe4 Bf5 5. Ng3 Bg6 6. h4 h6 7. Nf3 Nd7 8. h5 Bh7 9. Bd3 Bxd3 10. Qxd3 Ngf6 11. Bf4 Qa5+ 12. Bd2 Qc7 13. 0-0-0 e6 14. Ne4 Be7 15. Nxf6+ Bxf6 16. c4 0-0-0 17. Qe2 e5 18. Bc3 exd4 19. Bxd4 Bxd4 20. Rxd4 Rhe8 21. Qc2 Qa5 22. Rhd1 Nf6 23. g4 Rxd4 24. Rxd4 Rd8 25. Qd3 Rxd4 26. Qxd4 Qxa2 27. Ne5 Qa1+ 28. Kc2 Qe1 29. Nxf7 Qe2+ 30. Kc1 Qe7 31. Ne5 Kc7 32. Nd3 b6 33. f3 Qe2 34. Qf4+ Kb7 35. Ne5 Qe1+ 36. Kc2 Qb4 37. Qf5 Qe7 38. b3 a5 39. Nd3 Qe2+ 40. Kc3 Qe7 41. Qe5 Qa3 42. Qe6 Qf8 43. Ne5 Qe8 44. Qf5 Qe7 45. Nd3 Qd6 46. Qe5 Qf8 47. Qf5 a4 48. bxa4 Qa3+ 49. Kd2 Qa2+ 50. Kc3 Qxa4 51. Qe6 Qa3+ 52. Kc2 Qf8 1-0

[Event "Izmailov Memorial op 13th"]
[Site "Tomsk"]
[Date "2009.06.26"]
[Round "3"]
[White "Batukhtin, Andrey"]
[Black "Neporozhnyaja, Tatyana"]
[Result "1-0"]
[WhiteElo "2114"]
[BlackElo "1887"]
[PlyCount "53"]
[EventDate "2009.06.24"]
[EventType "swiss"]
[EventRounds "9"]
[EventCountry "RUS"]
[SourceTitle "EXT 2010"]
[Source "ChessBase"]
[SourceDate "2010.11.25"]
[SourceVersion "1"]
[SourceVersionDate "2010.11.25"]
[SourceQuality "1"]

1. e4 c5 2. Nf3 Nc6 3. d4 cxd4 4. Nxd4 g6 5. c4 Bg7 6. Be3 Nf6 7. Nc3 0-0 8. Be2 Qb6 9. Nb3 Qd8 10. 0-0 d6 11. Nd4 Ng4 12. Bxg4 Bxd4 13. Bxc8 Bxe3 14. Bxb7 Bxf2+ 15. Rxf2 Qc7 16. Bxa8 Rxa8 17. Nd5 Qd7 18. Qa4 Rc8 19. Raf1 f6 20. Rxf6 Qb7 21. Rf7 Qxb2 22. Nxe7+ Nxe7 23. Rxe7 Qd4+ 24. Kh1 Qd3 25. Re8+ Rxe8 26. Qxe8+ Kg7 27. Qf8# 1-0

[Event "Izmailov Memorial op 13th"]
[Site "Tomsk"]
[Date "2009.06.25"]
[Round "2"]
[White "Kovalev, Vitaly"]
[Black "Batukhtin, Andrey"]
[Result "1-0"]
[WhiteElo "1958"]
[BlackElo "2114"]
[PlyCount "47"]
[EventDate "2009.06.24"]
[EventType "swiss"]
[EventRounds "9"]
[EventCountry "RUS"]
[SourceTitle "EXT 2010"]
[Source "ChessBase"]
[SourceDate "2010.11.25"]
[SourceVersion "1"]
[SourceVersionDate "2010.11.25"]
[SourceQuality "1"]

1. c4 Nf6 2. Nc3 c6 3. e4 d6 4. d4 e6 5. f4 Be7 6. Nf3 d5 7. e5 Nfd7 8. cxd5 cxd5 9. Bd3 Nc6 10. Be3 Qb6 11. 0-0 g6 12. a3 0-0 13. f5 gxf5 14. Nxd5 exd5 15. Bxf5 Ndxe5 16. Nxe5 Nxe5 17. Bxh7+ Kg7 18. Qh5 Ng4 19. Bd2 Qxd4+ 20. Kh1 Qxd2 21. Rxf7+ Kh8 22. Be4+ Nh6 23. Rh7+ Kg8 24. Qg6# 1-0

[Event "Tomsk Tusur op"]
[Site "Tomsk"]
[Date "2007.02.16"]
[Round "7"]
[White "Batukhtin, Andrey"]
[Black "Barlakov, Arsalan"]
[Result "1/2-1/2"]
[WhiteElo "2091"]
[BlackElo "2184"]
[PlyCount "93"]
[EventDate "2007.02.10"]
[EventType "swiss"]
[EventRounds "9"]
[EventCountry "RUS"]
[SourceTitle "EXT 2019"]
[Source "ChessBase"]
[SourceDate "2018.10.10"]
[SourceVersion "1"]
[SourceVersionDate "2018.10.10"]
[SourceQuality "1"]

1. e4 c6 2. d4 d5 3. Nc3 dxe4 4. Nxe4 Bf5 5. Ng3 Bg6 6. Nf3 Nd7 7. h4 h6 8. Bd3 Bxd3 9. Qxd3 Ngf6 10. Bd2 e6 11. 0-0-0 Qc7 12. Kb1 Bd6 13. Ne4 Nxe4 14. Qxe4 0-0-0 15. c4 Nf6 16. Qe2 Rhe8 17. Ne5 Bxe5 18. dxe5 Nd7 19. Bc3 Nc5 20. b3 Rxd1+ 21. Rxd1 Rd8 22. Rd6 Rxd6 23. exd6 Qxd6 24. Bxg7 h5 25. Qxh5 Qd3+ 26. Kc1 Qf1+ 27. Kb2 Qxf2+ 28. Ka3 Nd3 29. Qh8+ Kd7 30. Bd4 Qxg2 31. Bf6 e5 32. Bxe5 Qg1 33. Bd4 Qc1+ 34. Bb2 Nxb2 35. Qxb2 Qxb2+ 36. Kxb2 Ke6 37. Kc3 Kf5 38. Kd4 c5+ 39. Kd5 Kg4 40. Ke5 f5 41. h5 f4 42. h6 f3 43. h7 f2 44. h8Q f1Q 45. Qg7+ Kh5 46. Qh7+ Kg5 47. Qg7+ 1/2-1/2